Detalles MARC
| 000 -LIDER |
| fixed length control field |
01391nam a22003017a 4500 |
| 003 - IDENTIFICACDOR DE NÚMERO DE CONTROL |
| control field |
DO-SdBNP |
| 005 - DATE AND TIME OF LATEST TRANSACTION |
| control field |
20210420075659.0 |
| 008 - ELEMENTOS DE LONGITUD FIJA |
| fixed length control field |
171113b 2000 dr 00| 0 spa d |
| 020 ## - ISBN |
| International Standard Book Number |
9993439310 |
| 040 ## - FUENTE DE CATALOGACIÓN |
| Agencia que crea de manera original el registro |
BPMSU |
| Idioma de catalogación |
spa |
| Agencia que realiza la transcripción |
BPMSU |
| 082 ## - NÚMERO DE CLASIFICACIÓN DECIMAL DE DEWEY |
| Classification number |
467. 97293 |
| Item number |
A325n, 2000 |
| Edition number |
22 |
| 100 1# - ASIENTO PRINCIPAL -- NOMBRE PERSONAL |
| Nombre personal |
Alba, Orlando |
| Fechas asociadas con el nombre |
1948- |
| 245 10 - MENCIÓN DE TITULO |
| Título |
Nuevos aspectos del español en Santo Domingo / |
| Mención de responsabilidad |
Orlando Alba ; prólogo Manuel Alvar |
| 260 ## - PUBLICACIÓN, DISTRIBUCIÓN, ETC. (PIE DE IMPRENTA) |
| Lugar de publicación, distribución, etc |
Santo Domingo : |
| Nombre del editor, distribuidor, etc. |
Librería la Trinitaria, |
| Fecha de publicación, distribución, etc |
2000. |
| 300 ## - DESCRIPCIÓN FÍSICA |
| Extensión |
172 p. : |
| Otros detalles físicos |
ils.,gráfs., tablas ; |
| Dimensiones |
21 cm. |
| 500 ## - NOTA GENERAL |
| Nota general |
Incluye referencias bibliográficas y notas al pie de las páginas. |
| 500 ## - NOTA GENERAL |
| Nota general |
Incluye datos biográficos del autor en las solapas. |
| 504 ## - NOTA DE BIBLIOGRAFÍA, ETC. |
| Bibliography, etc |
Bibliografía : p.165-172 |
| 505 0# - NOTA DE CONTENIDO |
| Texto normalizado de contenido |
Presentación -- Prólogo -- El español dominicano en pocas palabras -- Variación de la s en las noticias de televisión -- Elisión de la d intervocálica postónica -- Densidad de anglicismos en el léxico disponible -- Variable léxica y comparación dialectal -- La densidad léxica en las noticias de televisión -- Apéndice: una entrevista periodística -- Bibliografía. |
| 590 ## - NOTA LOCAL |
| Enlace |
Inventariado, 2021/VM |
| 650 #4 - ENCABEZAMIENTO DE MATERIA--TEMÁTICO |
| Término temático o nombre geográfico como elemento de entrada |
Dominicanismo |
| 650 #4 - ENCABEZAMIENTO DE MATERIA--TEMÁTICO |
| Término temático o nombre geográfico como elemento de entrada |
Español en República Dominicana |
| 650 #4 - ENCABEZAMIENTO DE MATERIA--TEMÁTICO |
| Término temático o nombre geográfico como elemento de entrada |
Español |
| Subdivisión temática general |
Dialectos |
| Subdivisión geográfica |
República Dominicana |
| 651 ## - ENCABEZAMIENTO DE MATERIA--NOMBRE GEOGRÁFICO |
| Nombre geográfico |
|
| 700 1# - ASIENTO SECUNDARIO -- NOMBRE PERSONAL |
| Nombre personal |
Alvar, Manuel, |
| Mención de responsabilidad |
pról. |
| 910 ## - VALIDACIÓN |
| Validación |
VMateo |
| 942 ## - ADDED ENTRY ELEMENTS (KOHA) |
| Source of classification or shelving scheme |
Dewey Decimal Classification |
| Koha item type |
Libros |